000 00477nam a22001217a 4500
999 _c10235
_d10235
003 OSt
008 201218b ||||| |||| 00| 0 eng d
245 _aIETE Technical Review
250 _a2018(Jan-Feb Vol.35 No.1, Mar-Apr Vol.35 No.2, May-Jun Vol.35 No.3, Jul-Aug Vol.35 No.4, Sep-Oct Vol.35 No.5, Nov-Dec Vol.35 No.6)
260 _aNew Delhi
_bInstitution of Electronics and Telecommunication Engineers
650 _aElectronics and Communication Engineering
942 _2ddc
_cBV